000 00625nam a2200217Ia 4500
003 OSt
005 20220926044155.0
006 a|||||r|||| 00| 0
007 ta
008 220923b |||||||| |||| 00| 0 eng d
037 _cGeneral Book
040 _aRTL
_cRTL
_beng
041 _2eng
_aeng
082 _aH118:15.7351oj8.M54<--M49, K6
100 _aMonaghan J ay
_9348617
245 0 _aAustralians and the gold rush
_b California and dow
260 _c1966
650 _aGeology
_915465
942 _hH118:15.7351oj8.M54<--M49, K6
_cGB
_2CC
999 _c674153
_d674153